00478nam a2200181 a 4500001001300000003000900013005001700022008004100039020000800080082001500088100001900103245006300122260002900185300000900214500003500223505001900258700001900277nice12345678IN_TiNIC20260116014933.0050524s1989 lona grp 000 0 eng  ac000a231.3bTAY aTaylor, John V aGo Between Godb the Holy Spirit and the Christian Mission aLondonbScm Press c1989 a246p aincludes index and biblioraphy2 aIndex of Theme1 aTaylor, John V